Tourism in the Muslim world / (Record no. 24280)

MARC details
000 -LEADER
fixed length control field 02958cam a2200313 a 4500
001 - CONTROL NUMBER
control field 22926177
003 - CONTROL NUMBER IDENTIFIER
control field HDC
005 - DATE AND TIME OF LATEST TRANSACTION
control field 20230718161605.0
008 - FIXED-LENGTH DATA ELEMENTS--GENERAL INFORMATION
fixed length control field 230111s2010 enka b 001 0 eng c
010 ## - LIBRARY OF CONGRESS CONTROL NUMBER
LC control number 2022439463
020 ## - INTERNATIONAL STANDARD BOOK NUMBER
International Standard Book Number 9781849509206
040 ## - CATALOGING SOURCE
Transcribing agency HDC
050 00 - LIBRARY OF CONGRESS CALL NUMBER
Classification number G155.I723
Item number T68 2010 v. 2
245 00 - TITLE STATEMENT
Title Tourism in the Muslim world /
Statement of responsibility, etc. Noel Scott, Jafar Jafari [editors].
260 ## - PUBLICATION, DISTRIBUTION, ETC.
Place of publication, distribution, etc. Bingley, UK :
Name of publisher, distributor, etc. Emerald,
Date of publication, distribution, etc. 2010.
300 ## - PHYSICAL DESCRIPTION
Extent xvi, 420 pages :
Other physical details illustrations ;
Dimensions 24 cm.
336 ## - CONTENT TYPE
Content type term text
Content type code txt
Source rdacontent
337 ## - MEDIA TYPE
Media type term unmediated
Media type code n
Source rdamedia
338 ## - CARRIER TYPE
Carrier type term volume
Carrier type code nc
Source rdacarrier
490 1# - SERIES STATEMENT
Series statement Bridging tourism theory and practice ;
Volume/sequential designation v. 2
520 0# - SUMMARY, ETC.
Summary, etc. Introduction: Islam and Tourism /​ Jafar Jafari . Islam and its Spread .Conclusion. Part. I ISLAM AND TRAVEL &​ TOURISM: 2. Tourism and Islamic Law /​ Noel Scott. Introduction . Shari'a law . 3. Do We Always Understand Each Other? /​ Boris Vukonic. Do we Always Understand Each Other? 4. Halal Food and Tourism: Prospects and Challenges /​ Mazhar Hussain. Development of Halal Food and Tourism. 5. Women's Participation in Tourism: A Case from the Maldives /​ Noreen Breakey. The Republic of Maldives. Part. II MUSLIM COUNTRIES. 6. Islam and Tourism: Brunei, Indonesia, Malaysia, and Singapore /​ Joan C. Henderson. Islam, Society, and Politics in Southeast Asia. 7. Tourism in Saudi Arabia /​ Deborah Joanne Johnson. Tourism in Saudi Arabia. 8. Muslim Tourism in China /​ Yezheng Fan. Islam in China. 9. Tourism in Turkmenistan /​ Jonathan Edwards. Turkmenistan Today. 10. Islamic Tourism in Jordan: Sacred Topography and State Ambitions /​ Norig Neveu. Islamic Tourism in Jordan. 11. Japanese Tourism in Iran /​ Malcolm Cooper. The Tourism Industry of Iran. 12. Impacts of September 11: A Two-Sided Neighborhood Effect? /​ Christian Steiner. Political Unrest and Confrontational Worldviews. 13. Iran: Tourism, Heritage and Religion /​ Hamira Zamani-Farahani . Iran: Religion and Tourism . Part. III TRAVEL &​ TOURISM EXPERIENCES . 14. The Hajj: Experience of Turkish Female Pilgrims /​ Fevzi Okumus. Religious Tourism and Islam. 15. Tourism and Islamophobia: Muslims in Non-Muslim States /​ Nazia Ali . Islamic Orientalism, Folk Devils, and Identity Politics. 16. Tourism Shopping in Jeddah: Female Domestic Tourists' Experiences /​ Kevin Hannam. Shopping and Tourism. Part. IV PROMOTION AND MARKETING . 17. Islamicization of Promotion /​ Deepak Chhabra. Sustainable Cultural and Heritage Indicators . 18. Arabian Sights: Muslim States' Shared Photos /​ Jamie Murphy . User-Generated Photos . 19. Islamic Heritage in Singapore: The Kampong Glam Histor.
650 #0 - SUBJECT ADDED ENTRY--TOPICAL TERM
Topical term or geographic name entry element Tourism
Geographic subdivision Islamic countries.
650 #7 - SUBJECT ADDED ENTRY--TOPICAL TERM
Topical term or geographic name entry element Travel and Tourism.
650 #7 - SUBJECT ADDED ENTRY--TOPICAL TERM
Topical term or geographic name entry element Tourism.
700 1# - ADDED ENTRY--PERSONAL NAME
Personal name Scott, Noel,
Dates associated with a name 1958-
700 1# - ADDED ENTRY--PERSONAL NAME
Personal name Jafari, Jafar.
830 #0 - SERIES ADDED ENTRY--UNIFORM TITLE
Uniform title Bridging tourism theory and practice ;
Volume/sequential designation v. 2.
942 ## - ADDED ENTRY ELEMENTS (KOHA)
Source of classification or shelving scheme Library of Congress Classification
Koha item type Book
Call number prefix G155.I723
Call number suffix T68 2010 v. 2
Suppress in OPAC No
Holdings
Withdrawn status Lost status Source of classification or shelving scheme Damaged status Not for loan Collection Home library Current library Shelving location Date acquired Total checkouts Full call number Barcode Date last seen Date last checked out Price effective from Koha item type
    Library of Congress Classification     Non-fiction Halal Development Corporation Library Halal Development Corporation Library Open Shelves 18/07/2023 1 G155.I723 T68 2010 v. 2 HDC 0001714 26/07/2023 18/07/2023 18/07/2023 Book
Halal Development Corporation Berhad (HDC)
5.02 Level 5, KPMG Tower, First Avenue, Persiaran Bandar Utama, 47800 Petaling Jaya, Selangor Darul Ehsan
Phone: +603 7965 5489 Email: [email protected]